ARRUPE JESUIT UNIVERSITY

CORONAVIRUS -STOP THE SPREAD - CLEAN,DISINFECT,COVER

Think & live / (Record no. 124797)

MARC details
000 -LEADER
fixed length control field 00907cam a22002771a 4500
001 - CONTROL NUMBER
control field 6900603
003 - CONTROL NUMBER IDENTIFIER
control field ARRUPE
005 - DATE AND TIME OF LATEST TRANSACTION
control field 20160517153440.0
008 - FIXED-LENGTH DATA ELEMENTS--GENERAL INFORMATION
fixed length control field 750930s1937 nyua 001 0 eng
010 ## - LIBRARY OF CONGRESS CONTROL NUMBER
LC control number 37031474
035 ## - SYSTEM CONTROL NUMBER
System control number (OCoLC)1665224
040 ## - CATALOGING SOURCE
Original cataloging agency DLC
Transcribing agency TxU-Da
Modifying agency MoSU-L
-- DLC
050 00 - LIBRARY OF CONGRESS CALL NUMBER
Classification number BD125
Item number .M6
300 ## - PHYSICAL DESCRIPTION
Other physical details ill. ;
Dimensions 23 cm.
100 1# - MAIN ENTRY--PERSONAL NAME
Personal name Morrison, Bakewell,
Dates associated with a name 1894-
9 (RLIN) 24388
245 10 - TITLE STATEMENT
Title Think & live /
Statement of responsibility, etc by Bakewell Morrison and Stephen J. Reuve.
260 ## - PUBLICATION, DISTRIBUTION, ETC. (IMPRINT)
Place of publication, distribution, etc New York :
Name of publisher, distributor, etc Bruce Pub. Co.,
Date of publication, distribution, etc 1937.
300 ## - PHYSICAL DESCRIPTION
Extent vii, 183 p. :
440 #0 - SERIES STATEMENT/ADDED ENTRY--TITLE
Title Science and culture series
9 (RLIN) 24389
500 ## - GENERAL NOTE
General note "This volume is a presentation of part of Scholastic philosophy"--P. v.
500 ## - GENERAL NOTE
General note Includes index.
650 #0 - SUBJECT ADDED ENTRY--TOPICAL TERM
Topical term or geographic name as entry element Philosophy and religion.
9 (RLIN) 24390
700 1# - ADDED ENTRY--PERSONAL NAME
Personal name Reuve, Stephen J.
9 (RLIN) 24391
740 0# - ADDED ENTRY--UNCONTROLLED RELATED/ANALYTICAL TITLE
Uncontrolled related/analytical title Think and live.
906 ## - LOCAL DATA ELEMENT F, LDF (RLIN)
a 7
b cbc
c oclcrpl
d u
e ncip
f 19
g y-gencatlg
942 ## - ADDED ENTRY ELEMENTS (KOHA)
Source of classification or shelving scheme Library of Congress Classification
Koha item type Monograph ( Printed materials)
Holdings
Withdrawn status Lost status Source of classification or shelving scheme Damaged status Not for loan Collection code Home library Current library Shelving location Date acquired Total Checkouts Full call number Barcode Date last seen Price effective from Koha item type
    Library of Congress Classification     Main Collection ARRUPE LIBRARY ARRUPE LIBRARY Main Collection 17/05/2016   BD125.M6 46500007493 02/09/2016 17/05/2016 Monograph ( Printed materials)

 

Arrupe Library. PO Box MP320 Mt Pleasant, Harare, Zimbabwe
263 242 745411|librarian@aju.ac.zw